000 00582nam a2200229Ia 4500
003 OSt
005 20221005121530.0
006 a|||||r|||| 00| 0
007 ta
008 221004b |||||||| |||| 00| 0 eng d
024 _a58509
037 _cTextual
040 _aCRL
_cCRL
_beng
041 _2eng
_aeng
082 _aT:841(V), J3
100 _aLauwerys J A
_9630733
245 0 _aHisrory textbooks and international understanding.
260 _c1953
650 _aEDUCATION
942 _hT:841(V), J3
_cTEXL
_2cc
999 _c1041438
_d1041438